000 00572nam a2200229Ia 4500
003 OSt
005 20220924152830.0
006 a|||||r|||| 00| 0
007 ta
008 220923b |||||||| |||| 00| 0 guj d
024 _a344908
037 _cTextual
040 _aARTS
_cARTS
_bguj
041 _2guj
_aguj
082 _aO156,1L75,2, G1.1-.6
100 _aDayaram
245 0 _aKavya manimala
260 _c1931
650 _aGUJRATI LITERATURE
942 _hO156,1L75,2, G1.1-.6
_cTEXL
_2CC
999 _c471170
_d471170